000 01216nam a2200241Ia 4500
001 18524
003 GE_BSU
008 181216s||||||||xx |||||||||||||| ||und||
020 _aISBN 978-9941-445-24-8
040 _cGE_BSU
080 _a821.111(73)-32
100 _aო. ჰენრი, შერვუდ ანდერსონი, ფრენსის სკოტ ფიცჯერალდი, თომას ვულფი
245 _aნოველები
245 _cინგლ. თარგმნა მაია ცერცვაძემ ; რედ. ზვიად კვარაცხელია
260 _aთბილისი
260 _bარტანუჯი,
260 _c2013
300 _a192 გვ. ; 20 სმ
541 _h8ლ.50თ.
653 _aნოველები
653 _aშინაარსი: ქალაქის ძლევა; ჰარგრევსის ორპირობა; შეუფასებელი დოლარი; არია და პოლიციის სერჟანტი; დეტექტივის დეტექტორი; ქალაქთა სიამაყე
942 _cBK
999 _c51534
_d51534